Diplomatic Missions of Jamaica - Statistics

General Stats
  • This quiz has been taken 261 times
  • The average score is 28 of 37
Answer Stats
Mission Answer % Correct
Country United States
98%
Country United Kingdom
95%
Country Canada
94%
Country Mexico
93%
Embassy Mexico City
93%
Country Cuba
88%
Country Dominican Republic
88%
Country China
87%
Country Japan
84%
Embassy Washington D.C.
83%
Consulate General New York City
82%
Permanent Mission New York City
82%
Country Colombia
81%
Country Germany
81%
High Commission London
81%
High Commission Ottawa
80%
Embassy Beijing
77%
Embassy Havana
77%
Country India
75%
Embassy Tokyo
75%
Embassy Bogotá
74%
Country South Africa
74%
Consulate General Toronto
72%
Embassy Berlin
71%
Embassy Santo Domingo
71%
Country Belgium
70%
Consulate General Miami
68%
High Commission New Delhi
68%
Country Trinidad and Tobago
66%
Country Switzerland
65%
Embassy Brussels
62%
Embassy Geneva
61%
High Commission Pretoria
60%
Country Nigeria
55%
High Commission Port of Spain
50%
Permanent Delegation Paris
46%
High Commission Abuja
45%
No matching quizzes found
Score Distribution
Percent of People with Each Score
Percentile by Number Answered
Your Score History
You have not taken this quiz